| 000 | 00000nam##2200000za#4500 |
| 001 | 9.559549 |
| 003 | CaOODSP |
| 005 | 20210624172931 |
| 007 | cr ||||||||||| |
| 008 | 150406|2005||||xxc|||||o f|0| 0 eng|d |
| 020 | |a0-662-40983-3 |
| 040 | |aCaOODSP|beng |
| 043 | |an-cn--- |
| 086 | 1 |aNH18-26/1-2005E-PDF |
| 110 | 2 |aCanada Mortgage and Housing Corporation. |
| 245 | 10|aUnderstanding private rental housing investment in Canada / |h[electronic resource]|cprepared by Clayton Research Associates Limited and Fish Marks Jenkins Real Estate Consulting. |
| 260 | |aOttawa - Ontario : |bCanada Mortgage and Housing Corporation |c[2005], c1999. |
| 300 | |a118p.|bfigs., tables |
| 490 | 1 |aResearch report. Housing affordability and finance series |
| 590 | |a15-05-Supp|b2015-03-31 |
| 690 | 07|aHousing|2gcpds |
| 775 | 08|tComprendre les activités d'investissement dans le logement locatif privé au Canada / |w(CaOODSP)9.592277 |
| 776 | 0#|tUnderstanding private rental housing investment in Canada |w(CaOODSP)9.617443 |
| 830 | #0|aResearch report. Housing affordability and finance series.|w(CaOODSP)9.504903 |
| 856 | 40|ahttp://publications.gc.ca|qPDF|s6.12 MB|uhttps://publications.gc.ca/collections/collection_2015/schl-cmhc/NH18-26-1-2005-eng.pdf |